| 000 | 00592nam a2200193Ia 4500 | ||
|---|---|---|---|
| 003 | GCL | ||
| 008 | 140319s9999 xx 000 0 ara d | ||
| 040 |
_aGCL / _cGCL |
||
| 082 | 0 | 4 |
_a671.25 _bا ا |
| 100 | 1 | _aاحمد فؤاد راشد | |
| 245 | 1 | 0 |
_aاسس سبك المعادن / _cاحمد فؤاد راشد |
| 260 |
_aالرياض : _bجامعة الملك عبدالعزيز ، _c1999 |
||
| 300 |
_a666 ص ؛ _c24 سم |
||
| 650 | 0 | 4 | _aسبك المعادن |
| 650 | 0 | 4 | _aالصهر |
| 650 | 0 | 4 | _aالمسابك |
| 650 | 0 | 4 | _aسبك المعادن - معايير |
| 942 |
_2ddc _cBK |
||
| 999 |
_c6917 _d6917 |
||